000
00255nam a22001097a 4500
008
170116b xxu||||| |||| 00| 0 eng d
020
_a
9780130483522
041
_a
eng
080
_2
3RD
_a
618.2
245
_a
PEDIATRIC NURSING
_c
BINDLER, R.C
942
_2
udc
_c
BK
999
_c
2970
_d
2970